00490nam a2200181 a 4500001001300000003000900013005001700022008004100039020002300080082001800103245005400121260002400175300000800199500003500207505001000242650001800252710003800270nice12345678IN_TiNIC20260116012842.0050524s1994 gena grp 000 0 eng  a2825429 c10000a262.0011bINS aCrisis and Challenge of the Ecumenical Movements. aGeneva bWCC c1994 a52p aincludes index and biblioraphy2 aIndex aEcumenicalism2 aInstitute for Ecumenical Research